Z historie Banka e Shqipërisë, centrální banky Albánie

Informácia o histórii centrálnej banky Albánska - Banka e Shqipërisë.

Uložené v:
Podrobná bibliografia
Hlavný autor: Kalabis, Zbyněk
Médium: Kapitola
Jazyk:Czech
Predmet:
Tagy: Pridať tag
Žiadne tagy, Buďte prvý, kto otaguje tento záznam!

MARC

LEADER 00000naa a2200000 4500
001 0246653
005 20180730095729.8
041 0 |a cze 
044 |a CZ 
245 1 0 |a Z historie Banka e Shqipërisë, centrální banky Albánie  |c Zbyněk Kalabis 
520 |a Informácia o histórii centrálnej banky Albánska - Banka e Shqipërisë. 
610 2 0 |a Albánsko 
610 2 0 |a história 
610 2 0 |a banky centrálne 
100 1 |a Kalabis, Zbyněk